Religion Quiz

Random Religion or Bible Quiz

Quick Pick: Philippians 4:13 (NRSV) Quiz Stats

 Plays Quiz not verified by Sporcle

Score 0/10 Timer 01:30
0 Plays Today
% Correct
me.
88.1%
I
86.3%
do
85.8%
strengthens
85.8%
Him
85.6%
all
84%
can
83.2%
things
82.7%
through
82.7%
who
81.7%

You're not logged in!

Compare scores with friends on all Sporcle quizzes.
OR
Log In

You Might Also Like...

Show Comments

Extras

Top Quizzes Today


Score Distribution

Your Account Isn't Verified!

In order to create a playlist on Sporcle, you need to verify the email address you used during registration. Go to your Sporcle Settings to finish the process.

Report this User

Report this user for behavior that violates our Community Guidelines.

Details: